Statistics for Capital Cities whose closest Country Centroid is not their Country's

Click here to take the quiz!

General Stats

  • This quiz has been taken 44 times
  • The average score is 17 of 28

Answer Stats

Closest CentroidCapital City% Correct
EstoniaHelsinki
81%
DenmarkOslo
81%
BelarusMoscow
78%
IsraelAmman
75%
North KoreaBeijing
75%
LaosHanoi
75%
IsraelCairo
72%
LebanonDamascus
72%
SingaporeJakarta
72%
NepalNew Delhi
72%
Republic of the CongoKinshasa
69%
GambiaDakar
59%
SingaporeKuala Lumpur
59%
BahamasWashington
59%
SenegalNouakchott
56%
UruguayBuenos Aires
53%
Equatorial GuineaLibreville
53%
Vatican CityRome
53%
AndorraAlgiers
50%
SwazilandPretoria
50%
TunisiaTripoli
50%
SloveniaZagreb
50%
Sierra LeoneConakry
47%
SwazilandMaputo
44%
GuineaBamako
41%
Burkina FasoNiamey
41%
TajikistanTashkent
41%
TogoPorto-Novo
31%

Score Distribution

Percentile by Number Answered

Percent of People with Each Score

Your Score History

You have not taken this quiz